Deutschsprachige Künstler und ihre meistgestreamten Songs - Statistiken

Allgemein
  • Dieses Quiz wurde 580 mal gespielt
    291 seit der letzten Aktualisierung
  • Das Durchschnittsergebnis liegt bei 8 aus 20
Antwortstatistiken
Interpret Streams (ca.) Song % Korrekt
Nena 498.000.000 {99} {Luftballons}
97%
Udo Lindenberg * 253.000.000 {Komet}
64%
Alligatoah 217.000.000 {Willst} {du}
62%
Max Giesinger 80.000.000 {80} {Millionen}
60%
Culcha Candela 166.000.000 {Monsta}
55%
Udo Jürgens 82.000.000 {Griechischer} {Wein}
54%
Rammstein 646.000.000 {Du} {hast}
53%
Pur 52.000.000 {Abenteuerland}
51%
Geier Sturzflug 63.000.000 {Bruttosozialprodukt}
50%
Münchener Freiheit 98.000.000 {Ohne} {dich}
43%
Die Ärzte 95.000.000 {Schrei} {nach} {Liebe}
43%
Herbert Grönemeyer * 107.000.000 {Zeit} {dass} {sich} {was} {dreht}
39%
Peter Fox * 144.000.000 {Zukunft} {Pink}
34%
Heinz Rudolf Kunze 52.000.000 {Dein} {ist} {mein} {ganzes} {Herz}
29%
Vicky Leandros 34.000.000 {Ich} {liebe} {das} {Leben}
26%
Beginner * 87.000.000 {Ahnma}
22%
Josh. 55.000.000 {Cordula} {Grün}
21%
Fettes Brot * 57.000.000 {An} {Tagen} {wie} {diesen}
16%
Antilopen Gang 24.000.000 {Pizza}
13%
Marius Müller-Westernhagen 26.000.000 {Willenlos}
11%
Keine übereinstimmenden Quizze gefunden
Verteilung der Resultate
Anzahl Personen mit jedem Resultat
Perzentil nach korrekt beantworteten Fragen
Ihre Resultats-Entwicklung
Sie haben dieses Quiz seit der letzten Aktualisierung nicht gespielt